000 00862nam a22001817a 4500
999 _c17930
_d17930
003 BDDh-ASL
005 20231015025646.0
008 200915b1995 ||||| |||| 00| 0 d
040 _aBDDh-ASL
_cBDDh-ASL
_dBDDh-ASL
082 _a297.09
_bRAG
245 1 _aরঘুনাথপুর পীর পরিবারের কুর্সিনামা/
_cসৈয়দ মুজিব উল্লাহ্ (সম্পা.)
246 _aRagunathpur Pir Paribarer Kurshinama
260 _aকুমিল্লা:
_bখন্দকার এ্যাসিসটেন্স ফাউন্ডেশন,
_c১৯৯৫।
300 _a৩৯ পৃষ্ঠা:
_c২১ সে. মি.।
650 0 _9751
_aপীর পরিবার
_xপীর বংশ
700 1 _9750
_aউল্লাহ্, সৈয়দ মুজিব
942 _2ddc
_cBK